Spoločenská zodpovednosť v podniku Považský cukor a.s. bakalárska práca

Enregistré dans:
Détails bibliographiques
Auteur principal: Paholková, Barbora
Collectivité auteur: Obchodná fakulta EU. Katedra marketingu
Autres auteurs: Francová, Zuzana, 1971-
Format: Livre
Langue:slovaque
Publié: Bratislava 2010
Tags: Ajouter un tag
Pas de tags, Soyez le premier à ajouter un tag!

MARC

LEADER 00000nam$a2200000$$$4500
001 0135113
005 20240320074516.7
041 0 |a slo 
044 |a SK 
245 1 0 |a Spoločenská zodpovednosť v podniku Považský cukor a.s.  |b bakalárska práca  |c Barbora Paholková ; školiteľ: Zuzana Francová 
264 1 |a Bratislava  |c 2010 
300 |a 50 s. 
100 1 |a Paholková, Barbora 
700 1 |a Francová, Zuzana, 1971- 
710 2 |a Obchodná fakulta EU. Katedra marketingu